000 00379nam a22001457a 4500
003 LK-CoDNM
005 20240820115226.0
008 240820b |||||||| |||| 00| 0 eng d
040 _aLK-CoDNM
_dLK-CoDNM
_eLK-CoDNM
080 _a7
_bC3
245 _aASIATIC RESEARCHES
260 _aLONDON
_bVERNOR AND HOOD IN THE POULTRY
_c1799
300 _a492P. : MAP ; 22 CM
942 _cBK
999 _c148366
_d148366